[Event "CRO Cup"]
[Site "Mali Losinj"]
[Date "2019.05.19"]
[Round "6.134"]
[White "Saric, Branko"]
[Black "Hanjs, Vladimir"]
[Result "0-1"]
[WhiteElo "1881"]
[BlackElo "1725"]
[PlyCount "106"]
[EventDate "2019.05.15"]
[EventType "team-swiss"]
[EventRounds "6"]
[EventCountry "CRO"]
[SourceTitle "CBM 190 Extra"]
[Source "ChessBase"]
[SourceDate "2019.07.15"]
[SourceVersion "1"]
[SourceVersionDate "2019.07.15"]
[SourceQuality "1"]
[WhiteTeam "Omis"]
[BlackTeam "Varazdin"]
[WhiteTeamCountry "CRO"]
[BlackTeamCountry "CRO"]

1. d4 d5 2. Bf4 Nf6 3. e3 e6 4. Nf3 c5 5. c3 Nc6 6. Nbd2 Be7 7. Bd3 0-0 8. 0-0 b6 9. Bb1 Nh5 10. Qc2 g6 11. Bh6 Re8 12. Rd1 cxd4 13. exd4 Ba6 14. Re1 Rc8 15. Ne5 Bb7 16. Ndf3 Nxe5 17. Nxe5 Bf6 18. Qd2 Ng7 19. Bc2 Nf5 20. Bxf5 exf5 21. f4 Rc7 22. g3 Rce7 23. Kf2 Bg7 24. Bxg7 Kxg7 25. Nf3 f6 26. Rxe7+ Rxe7 27. Re1 Re4 28. Qd3 Qe8 29. Re2 Bc6 30. b3 Bb5 31. c4 dxc4 32. bxc4 Rxe2+ 33. Qxe2 Qxe2+ 34. Kxe2 Bxc4+ 35. Kd2 Bxa2 36. Kc3 Bd5 37. Nd2 Kf7 38. Kb4 a6 39. Nb1 Ke6 40. Nc3 Kd6 41. Ne2 Kc6 42. Nc3 Bf3 43. Kc4 h6 44. Kb4 Be4 45. Ka4 a5 46. Ne2 Bc2+ 47. Ka3 Kd5 48. Kb2 Bd3 49. Nc1 Kxd4 50. h4 Bc4 51. h5 gxh5 52. Ka3 b5 53. Kb2 Ke3 0-1

[Event "CRO Cup"]
[Site "Mali Losinj"]
[Date "2018.05.18"]
[Round "4.104"]
[White "Drmic, Bozo"]
[Black "Saric, Branko"]
[Result "1/2-1/2"]
[WhiteElo "2028"]
[BlackElo "1865"]
[PlyCount "38"]
[EventDate "2018.05.16"]
[EventType "team-swiss"]
[EventRounds "6"]
[EventCountry "CRO"]
[SourceTitle "CBM 184 Extra"]
[Source "ChessBase"]
[SourceDate "2018.06.28"]
[SourceVersion "1"]
[SourceVersionDate "2018.06.28"]
[SourceQuality "1"]
[WhiteTeam "Osijek Ferit"]
[BlackTeam "Omis"]
[WhiteTeamCountry "CRO"]
[BlackTeamCountry "CRO"]

1. e4 d6 2. d4 Nd7 3. f4 e5 4. Nf3 exd4 5. Qxd4 c6 6. Bc4 Qb6 7. Qc3 d5 8. Be3 Bb4 9. Bxb6 Bxc3+ 10. Nxc3 Nxb6 11. Bb3 Ne7 12. 0-0-0 dxe4 13. Nxe4 0-0 14. Ne5 a5 15. Nxf7 a4 16. Nh6+ Kh8 17. Nf7+ Kg8 18. Nh6+ Kh8 19. Nf7+ Kg8 1/2-1/2

[Event "CRO Cup"]
[Site "Mali Losinj"]
[Date "2017.05.11"]
[Round "2.10"]
[White "Zubak, Zeljko"]
[Black "Saric, Branko"]
[Result "1-0"]
[WhiteElo "2005"]
[BlackElo "1879"]
[PlyCount "65"]
[EventDate "2017.05.10"]
[EventType "team-swiss"]
[EventRounds "6"]
[EventCountry "CRO"]
[SourceTitle "CBM 178 Extra"]
[Source "ChessBase"]
[SourceDate "2017.06.22"]
[SourceVersion "1"]
[SourceVersionDate "2017.06.22"]
[SourceQuality "1"]
[WhiteTeam "Nasice Slavonac"]
[BlackTeam "Omis"]
[WhiteTeamCountry "CRO"]
[BlackTeamCountry "CRO"]

1. d4 c6 2. c4 d5 3. Nc3 Nf6 4. Bf4 e6 5. e3 Bd6 6. Bg3 0-0 7. Nf3 Bc7 8. Bd3 Nbd7 9. Rc1 a6 10. 0-0 h6 11. a3 Bxg3 12. hxg3 Re8 13. e4 dxc4 14. Bxc4 b6 15. e5 Nd5 16. Ne4 Re7 17. Ba2 Bb7 18. Nd6 Qc7 19. Qc2 Nb8 20. Bb1 g6 21. Rfe1 Qd7 22. Re4 f5 23. Rh4 Rh7 24. Qd2 Kg7 25. g4 Ra7 26. gxf5 gxf5 27. Rh3 Ne7 28. Rg3+ Kf8 29. Nh4 Qxd6 30. Ng6+ Nxg6 31. Bxf5 Qd7 32. Bxg6 Rg7 33. Qxh6 1-0

[Event "CRO-chT2 South"]
[Site "Croatia"]
[Date "2014.04.27"]
[Round "3.2"]
[White "Olic, Branko"]
[Black "Saric, Branko"]
[Result "1-0"]
[WhiteElo "2183"]
[BlackElo "1843"]
[PlyCount "53"]
[EventDate "2014.04.25"]
[EventType "team-tourn"]
[EventRounds "9"]
[EventCountry "CRO"]
[SourceTitle "EXT 2019"]
[Source "ChessBase"]
[SourceDate "2018.10.10"]
[SourceVersion "1"]
[SourceVersionDate "2018.10.10"]
[SourceQuality "1"]

1. d4 Nf6 2. Nf3 e6 3. Bg5 Be7 4. Nbd2 d5 5. e3 0-0 6. Bd3 b6 7. Ne5 Bb7 8. 0-0 c5 9. c3 Nbd7 10. f4 Re8 11. Qf3 Qc7 12. Qh3 Ne4 13. Nxe4 dxe4 14. Bb5 Bc8 15. Qh5 g6 16. Qh3 Bxg5 17. fxg5 Rf8 18. Nxf7 Re8 19. Nh6+ Kh8 20. Rf7 Qd8 21. Rxh7+ Kxh7 22. Nf7+ Kg8 23. Qh8+ Kxf7 24. Qh7+ Kf8 25. Rf1+ Nf6 26. Rxf6+ Qxf6 27. gxf6 1-0

[Event "Sveti Vid CC Klis-ch"]
[Site "Sveti Vid"]
[Date "2014.02.02"]
[Round "8"]
[White "Saric, Branko"]
[Black "Caleta, Josip"]
[Result "1-0"]
[WhiteElo "1880"]
[BlackElo "1470"]
[PlyCount "59"]
[EventDate "2014.01.18"]
[EventType "tourn"]
[EventRounds "11"]
[EventCountry "CRO"]
[SourceTitle "EXT 2016"]
[Source "ChessBase"]
[SourceDate "2015.10.08"]
[SourceVersion "1"]
[SourceVersionDate "2015.10.08"]
[SourceQuality "1"]

1. d4 g6 2. e4 Bg7 3. c4 c6 4. Nc3 e6 5. Nf3 Ne7 6. Bd3 0-0 7. 0-0 d5 8. e5 Nd7 9. Bg5 f6 10. Bh4 Nf5 11. Bxf5 exf5 12. exf6 Bxf6 13. Bxf6 Nxf6 14. c5 Ne4 15. Qc2 Be6 16. Ne5 Qc7 17. b4 a6 18. a4 a5 19. b5 Qc8 20. f4 Re8 21. Rab1 Qc7 22. Rb2 Rab8 23. Rfb1 Bd7 24. g3 Nf6 25. h3 Ne4 26. Nxe4 fxe4 27. bxc6 Bxc6 28. Rb6 Re6 29. Qb3 Qc8 30. Nxc6 1-0

[Event "CRO-chT2S"]
[Site "Makarska"]
[Date "2013.11.08"]
[Round "7.4"]
[White "Brunski, Igor"]
[Black "Saric, Branko"]
[Result "0-1"]
[WhiteElo "2108"]
[BlackElo "1881"]
[PlyCount "130"]
[EventDate "2013.04.05"]
[EventType "team-tourn"]
[EventRounds "9"]
[EventCountry "CRO"]
[SourceTitle "EXT 2014"]
[Source "ChessBase"]
[SourceDate "2013.11.20"]
[SourceVersion "1"]
[SourceVersionDate "2013.11.20"]
[SourceQuality "1"]
[WhiteTeam "Kastel"]
[BlackTeam "Klis Sveti Vid"]
[WhiteTeamCountry "CRO"]
[BlackTeamCountry "CRO"]

1. d4 Nf6 2. Nf3 e6 3. c4 Bb4+ 4. Nc3 0-0 5. Qc2 c5 6. a3 Bxc3+ 7. bxc3 d6 8. e4 Qc7 9. Be2 e5 10. Bg5 Nbd7 11. 0-0 h6 12. Be3 Re8 13. Nd2 b6 14. f4 cxd4 15. cxd4 exd4 16. Bxd4 Bb7 17. Bd3 Rac8 18. Rac1 Re6 19. Rfe1 Rce8 20. Re2 Nc5 21. Rce1 Nxd3 22. Qxd3 Nd7 23. Bb2 f6 24. Re3 Qc6 25. f5 R6e7 26. Qd5+ Qxd5 27. cxd5 Bxd5 28. Rd3 Bxe4 29. Nxe4 Rxe4 30. Rxe4 Rxe4 31. Rxd6 Nc5 32. g3 Re1+ 33. Kf2 Rb1 34. Rd8+ Kh7 35. Bd4 Nb3 36. Bc3 Rc1 37. Bb4 Rc2+ 38. Ke3 Rxh2 39. Rd7 Nc5 40. Rxa7 Rg2 41. Kf3 Rg1 42. Rc7 Rf1+ 43. Kg4 h5+ 44. Kxh5 Rxf5+ 45. Kg4 Rg5+ 46. Kf3 Nd3 47. Be7 Kg6 48. Rb7 b5 49. Bf8 Kh6 50. Rb6 Ne5+ 51. Kf4 Nd7 52. Bxg7+ Kxg7 53. Rb7 Rd5 54. Ke4 Rd1 55. Rxb5 Kf7 56. a4 Ke6 57. g4 Ra1 58. Ra5 Rxa4+ 59. Rxa4 Nc5+ 60. Kf4 Nxa4 61. g5 f5 62. g6 Nb6 63. g7 Nd5+ 64. Kg5 Ne7 65. Kf4 Kf7 0-1

[Event "Split op 3rd"]
[Site "Split"]
[Date "2013.08.10"]
[Round "1"]
[White "Saric, Branko"]
[Black "Petran, Peter"]
[Result "0-1"]
[WhiteElo "1907"]
[BlackElo "2311"]
[PlyCount "108"]
[EventDate "2013.08.10"]
[EventType "swiss"]
[EventRounds "9"]
[EventCountry "CRO"]
[SourceTitle "CBM 155 Extra"]
[Source "ChessBase"]
[SourceDate "2013.08.26"]
[SourceVersion "1"]
[SourceVersionDate "2013.08.26"]
[SourceQuality "1"]

1. d4 g6 2. c4 Bg7 3. Nc3 c5 4. e3 Nf6 5. Nf3 0-0 6. Be2 cxd4 7. exd4 d5 8. 0-0 Nbd7 9. Bg5 dxc4 10. Bxc4 Nb6 11. Bb3 Bg4 12. h3 Bxf3 13. Qxf3 Qd7 14. Rad1 Qc6 15. d5 Qd6 16. Rd3 Nbd7 17. Qg3 Nc5 18. Qxd6 exd6 19. Rf3 Nfe4 20. Nxe4 Nxe4 21. Bc1 Rac8 22. a3 Rc7 23. Be3 Bxb2 24. Bh6 Bg7 25. Bxg7 Kxg7 26. Rd1 Rfc8 27. Rd4 f5 28. g4 Rc3 29. Rdd3 Rxd3 30. Rxd3 Rc1+ 31. Kg2 Nc5 32. Rf3 Kf6 33. gxf5 gxf5 34. Ba2 Ne4 35. Bb3 Ke5 36. Ba4 Rc3 37. Bd7 Rxf3 38. Kxf3 Nf6 39. Bc8 b6 40. Ke3 Nxd5+ 41. Kd3 Ne7 42. Bb7 d5 43. Kc3 a5 44. Kb3 Kd4 45. Ba6 h6 46. Ka4 Kc5 47. Bd3 f4 48. h4 Nc6 49. h5 Ne5 50. Be2 d4 51. Kb3 b5 52. Kb2 d3 53. Bd1 Kd4 54. Kb3 Nc4 0-1

[Event "Split SDZ op"]
[Site "Split"]
[Date "2012.03.18"]
[Round "2"]
[White "Bocina, Darko"]
[Black "Saric, Branko"]
[Result "1-0"]
[WhiteElo "2150"]
[BlackElo "1925"]
[PlyCount "77"]
[EventDate "2012.03.17"]
[EventType "swiss"]
[EventRounds "9"]
[EventCountry "CRO"]
[SourceTitle "EXT 2013"]
[Source "ChessBase"]
[SourceDate "2012.11.22"]
[SourceVersion "1"]
[SourceVersionDate "2012.11.22"]
[SourceQuality "1"]

1. e4 c5 2. Nf3 Nc6 3. d4 cxd4 4. Nxd4 d6 5. Nc3 Nf6 6. Bc4 e6 7. 0-0 Be7 8. Be3 0-0 9. Bb3 a6 10. f4 Na5 11. f5 Nxb3 12. axb3 e5 13. Nde2 Ng4 14. Qd3 Bg5 15. Bxg5 Qxg5 16. Rf3 Rd8 17. Nd5 Qh4 18. h3 Nf6 19. Nec3 Ne8 20. Raf1 f6 21. Nb6 Rb8 22. Qc4+ Kf8 23. Rd1 Qh5 24. Rfd3 Qf7 25. Qb4 g6 26. fxg6 hxg6 27. Nc4 Be6 28. Nxd6 Qe7 29. Qb6 Qc7 30. Qxc7 Nxc7 31. Nc4 Ke7 32. Na5 Rh8 33. Rd6 Na8 34. Na4 Rbc8 35. c4 b5 36. Nb6 Nxb6 37. Rxb6 Rhd8 38. Rxd8 Rxd8 39. Nc6+ 1-0

[Event "Sveti Vid CC Klis-ch"]
[Site "Sveti Vid"]
[Date "2012.01.21"]
[Round "6"]
[White "Saric, Branko"]
[Black "Saric, Luka"]
[Result "1-0"]
[WhiteElo "1922"]
[BlackElo "1841"]
[PlyCount "75"]
[EventDate "2012.01.06"]
[EventType "tourn"]
[EventRounds "11"]
[EventCountry "CRO"]
[SourceTitle "EXT 2014"]
[Source "ChessBase"]
[SourceDate "2013.11.20"]
[SourceVersion "1"]
[SourceVersionDate "2013.11.20"]
[SourceQuality "1"]

1. d4 d5 2. Nf3 Nc6 3. Bf4 Nf6 4. e3 Bg4 5. Be2 e6 6. 0-0 Bd6 7. Bg3 0-0 8. Nbd2 Ne4 9. Rc1 f5 10. b3 f4 11. exf4 Bxf4 12. Bxf4 Rxf4 13. c3 Qf6 14. h3 Bh5 15. b4 Rf8 16. Rc2 Qg6 17. Kh2 Nxd2 18. Rxd2 a6 19. a4 Ne7 20. Ne5 Qh6 21. Bxh5 Rh4 22. Bg4 Nf5 23. f4 Ne3 24. Qf3 Nxf1+ 25. Qxf1 Rxf4 26. Qd1 Rf6 27. g3 Rf1 28. Bxe6+ Qxe6 29. Qxf1 Rh5 30. Rf2 h6 31. Rf8+ Kh7 32. Qd3+ g6 33. g4 Rg5 34. Qf3 Kg7 35. Qf7+ Qxf7 36. Rxf7+ Kg8 37. Rxc7 b6 38. Nf7 1-0

[Event "Split op 4th"]
[Site "Split"]
[Date "2010.05.05"]
[Round "6"]
[White "Milosavljevic, Jovan"]
[Black "Saric, Branko"]
[Result "1-0"]
[WhiteElo "2115"]
[BlackElo "1918"]
[PlyCount "85"]
[EventDate "2010.04.30"]
[EventType "swiss"]
[EventRounds "9"]
[EventCountry "CRO"]
[SourceTitle "EXT 2011"]
[Source "ChessBase"]
[SourceDate "2010.11.26"]
[SourceVersion "1"]
[SourceVersionDate "2010.11.26"]
[SourceQuality "1"]

1. d4 Nf6 2. c4 e6 3. Nc3 b6 4. a3 Be7 5. e4 Bb7 6. e5 Ne4 7. Qg4 Nxc3 8. Qxg7 Rf8 9. bxc3 d6 10. Nf3 f6 11. exd6 Qxd6 12. Be2 Rf7 13. Qg3 Qxg3 14. hxg3 Nd7 15. Bd3 Nf8 16. Rh6 0-0-0 17. Ke2 Bd6 18. a4 a5 19. Be3 c5 20. Rah1 Bc6 21. Bc2 Kc7 22. R1h5 Bxf3+ 23. gxf3 cxd4 24. cxd4 f5 25. f4 Rg7 26. Rh1 Rg6 27. R6h5 Rf6 28. Bd3 Bb4 29. Rc1 Kb7 30. d5 exd5 31. cxd5 Rxd5 32. Be4 fxe4 33. Rxd5 Re6 34. f5 Re7 35. g4 Nd7 36. g5 Bc5 37. f6 Rf7 38. Rc4 Bxe3 39. Kxe3 Nc5 40. Rdxc5 bxc5 41. Rxc5 h6 42. Kf4 hxg5+ 43. Kxg5 1-0

[Event "Split op 4th"]
[Site "Split"]
[Date "2010.05.01"]
[Round "2"]
[White "Horvat, Sasa"]
[Black "Saric, Branko"]
[Result "1-0"]
[WhiteElo "2185"]
[BlackElo "1918"]
[PlyCount "76"]
[EventDate "2010.04.30"]
[EventType "swiss"]
[EventRounds "9"]
[EventCountry "CRO"]
[SourceTitle "EXT 2011"]
[Source "ChessBase"]
[SourceDate "2010.11.26"]
[SourceVersion "1"]
[SourceVersionDate "2010.11.26"]
[SourceQuality "1"]

1. e4 c5 2. Nf3 Nc6 3. Bd3 d6 4. h3 g6 5. c3 Nf6 6. Bc2 Bg7 7. 0-0 0-0 8. Qe2 Qc7 9. d3 Bd7 10. Be3 Rac8 11. Nbd2 b6 12. Rac1 Qb8 13. d4 cxd4 14. Nxd4 Rc7 15. Nxc6 Bxc6 16. Bg5 Qa8 17. c4 Rfc8 18. b3 b5 19. Bd3 bxc4 20. bxc4 a5 21. Rb1 a4 22. Rfe1 Rb8 23. Rxb8+ Qxb8 24. c5 dxc5 25. Bf4 Qc8 26. Bxc7 Qxc7 27. Bc4 Bh6 28. e5 Nh5 29. g3 Qc8 30. e6 f5 31. Nf3 Qa8 32. Ne5 Bh1 33. Qf1 Be4 34. Rd1 Bg7 35. Nf7 Bd4 36. Kh2 Bd5 37. Bxd5 Qxd5 38. Qa6 Qxe6 1-0

[Event "Split op 3rd"]
[Site "Split"]
[Date "2009.03.05"]
[Round "6"]
[White "Saric, Branko"]
[Black "Bajkusa, Marijan"]
[Result "0-1"]
[WhiteElo "1899"]
[BlackElo "2068"]
[PlyCount "72"]
[EventDate "2009.02.28"]
[EventType "swiss"]
[EventRounds "9"]
[EventCountry "CRO"]
[SourceTitle "CBM 129 Extra"]
[Source "ChessBase"]
[SourceDate "2009.05.05"]
[SourceVersion "2"]
[SourceVersionDate "2009.05.20"]
[SourceQuality "1"]

1. d4 Nf6 2. Nf3 e6 3. g3 d5 4. Bg2 c5 5. 0-0 Nc6 6. Nc3 Be7 7. Re1 0-0 8. Bg5 h6 9. Bf4 b6 10. Nb5 Bb7 11. c3 a6 12. Na3 cxd4 13. cxd4 Rc8 14. Nc2 Ne4 15. a3 Na5 16. Rb1 Nc4 17. h4 Bd6 18. Bxd6 Qxd6 19. Nb4 Rc7 20. Qd3 Rfc8 21. Nc2 b5 22. Ne3 a5 23. Nf1 b4 24. axb4 Qxb4 25. e3 Nxb2 26. Rxb2 Qxb2 27. Re2 Rc2 28. Rxc2 Rxc2 29. h5 Rc3 30. Qd1 Qxf2+ 31. Kh2 Rc2 32. Ne1 Ra2 33. Qb3 Rb2 34. Qa4 Qxf1 35. Nc2 Qf2 36. Qe8+ Kh7 0-1

[Event "Bosnjaci op 14th"]
[Site "Bosnjaci"]
[Date "2009.01.06"]
[Round "6"]
[White "Saric, Branko"]
[Black "Vajic, Goran"]
[Result "0-1"]
[WhiteElo "1899"]
[BlackElo "2079"]
[PlyCount "90"]
[EventDate "2009.01.03"]
[EventType "swiss"]
[EventRounds "9"]
[EventCountry "CRO"]
[SourceTitle "CBM 128 Extra"]
[Source "ChessBase"]
[SourceDate "2009.03.05"]
[SourceVersion "2"]
[SourceVersionDate "2009.03.25"]
[SourceQuality "1"]

1. d4 Nf6 2. Nf3 g6 3. c4 Bg7 4. Nc3 0-0 5. e4 d6 6. h3 Nc6 7. d5 Ne5 8. Nxe5 dxe5 9. Be2 Ne8 10. Bg5 h6 11. Be3 f5 12. f3 f4 13. Bf2 g5 14. Qb3 b6 15. h4 Nd6 16. hxg5 hxg5 17. 0-0-0 Kf7 18. g3 Rh8 19. gxf4 gxf4 20. c5 bxc5 21. Bxc5 Bd7 22. Qc2 Bf6 23. Ba6 Qg8 24. Rhg1 Qh7 25. Ne2 Qh3 26. Rgf1 Rhg8 27. Bxd6 cxd6 28. Kb1 Bc8 29. Bc4 Rg2 30. Qb3 Rh2 31. Rc1 Qh5 32. Qb5 Bh3 33. Rfe1 Qxf3 34. Ng1 Qg3 35. Nxh3 Qxh3 36. Bf1 Qg4 37. Qb7 Rah8 38. Bb5 Rd8 39. Rg1 Rg2 40. Qxa7 f3 41. Rgf1 Qxe4+ 42. Ka1 Qf5 43. Rh1 e4 44. Qc7 Rh8 45. Bd7 Qe5 0-1

[Event "Stobrec op"]
[Site "Stobrec"]
[Date "2008.08.02"]
[Round "7"]
[White "Paradjina, Dusko"]
[Black "Saric, Branko"]
[Result "1-0"]
[WhiteElo "1972"]
[BlackElo "1902"]
[PlyCount "46"]
[EventDate "2008.07.26"]
[EventType "swiss"]
[EventRounds "7"]
[EventCountry "CRO"]
[SourceTitle "EXT 2009"]
[Source "ChessBase"]
[SourceDate "2008.11.26"]
[SourceVersion "1"]
[SourceVersionDate "2008.11.26"]
[SourceQuality "1"]

1. e4 g6 2. d4 d6 3. Nc3 Bg7 4. Nf3 Nf6 5. h3 0-0 6. Be3 c5 7. dxc5 Qa5 8. Nd2 Ne8 9. Nd5 Nc6 10. c3 dxc5 11. Nb3 Qd8 12. Bxc5 b6 13. Nxe7+ Kh8 14. Nxc6 Qc7 15. Bxf8 Bxf8 16. Ncd4 Bb7 17. Bd3 Nd6 18. Qd2 Rc8 19. 0-0 Bg7 20. f4 a5 21. e5 Ne8 22. a4 h5 23. Be4 Bh6 1-0